00867nam a2200157 a 4500008004100000050001200041245009000053260003500143300001500178350000900193650001600202995015800218995015800376995015800534999001700692090212s2000 ||||||||||||||||| || u aUNO(02)00aLessons learned from the 1997- 98 EI Nino: once burned, twice shy?cBy the World Bank aNew YorkbUNITED NATIONSc2000 a28p. :ill. a0.00 aENVIRONMENT aSPECIAL COLLECTIONSD0.00e03003577FCBU-MAIN LIBRARY (Kitwe)H1I0.00jUNO(02)2000/ 1AM1UAVAILABLEWFeb 12, 2009y03003577ZInternational Publications aSPECIAL COLLECTIONSD0.00e03003579FCBU-MAIN LIBRARY (Kitwe)H1I0.00jUNO(02)2000/ 1CM1UAVAILABLEWFeb 12, 2009y03003579ZInternational Publications aSPECIAL COLLECTIONSD0.00e03003578FCBU-MAIN LIBRARY (Kitwe)H1I0.00jUNO(02)2000/ 1BM2UAVAILABLEWFeb 12, 2009y03003578ZInternational Publications c80695d80695